Entry Nombre personal
001 - NÚMERO DE CONTROL
- campo de control: 331
003 - IDENTIFICADOR DEL NÚMERO DE CONTROL
- campo de control: BNPHU
005 - FECHA Y HORA DE LA ÚLTIMA TRANSACCIÓN
- campo de control: 20260520120059.0
008 - DATOS DE LONGITUD FIJA
- campo de control de longitud fija: 200615|| aca||aabn | a|a d
010 ## - NÚMERO DE CONTROL DE LA BIBLIOTECA DEL CONGRESO
- Número de control de LC: n 87873812
040 ## - FUENTE DE LA CATALOGACIÓN
- Centro catalogador/agencia de origen: DO-SdBNP
- Lengua de catalogación: spa
- Centro/agencia transcriptor: BNPHU
- Normas de descripción: rda
046 ## - FECHAS CON CODIFICACIÓN ESPECIAL
- Fecha de nacimiento: 1955-09-08
100 1# - ENCABEZAMIENTO-NOMBRE DE PERSONA
- Nombre de persona: Sang, Mu-Kien A.
- Fechas asociadas al nombre: 1955-
- Forma completa/desarrollada del nombre: (Mu-Kien Adriana)
370 ## - LUGAR ASOCIADO
- Lugar de nacimiento: Santiago de los Caballeros (República Dominicana)
377 ## - LENGUA/LENGUAJE ASOCIADO
- Código del idioma: spa
400 1# - TRAZADO DE VÉASE--NOMBRE DE PERSONA
- Nombre de persona: Sang Ben, Mu-Kien Adriana
400 1# - TRAZADO DE VÉASE--NOMBRE DE PERSONA
- Nombre de persona: Ben, Mu-Kien Adriana Sang
400 1# - TRAZADO DE VÉASE--NOMBRE DE PERSONA
- Nombre de persona: Ben, Mukien Adriana Sang
670 ## - FUENTE DE DATOS ENCONTRADOS
- Cita de la fuente: Ulises Heureaux, 1987
670 ## - FUENTE DE DATOS ENCONTRADOS
- Cita de la fuente: La política exterior dominicana, 2000
670 ## - FUENTE DE DATOS ENCONTRADOS
- Identificador Uniforme del Recurso: https://authorities.loc.gov/cgi-bin/Pwebrecon.cgi?AuthRecID=4384095&v1=1&HC=1&SEQ=20240222122035&PID=EzK2DeyKiBkWTrGhN99nDjkzoh-u5. Consultado en 18 de febrero, 2025
